000 00857nam a2200253Ia 4500
003 OSt
005 20220923212939.0
006 a|||||r|||| 00| 0
007 ta
008 220922b |||||||| |||| 00| 0 hin d
024 _a157,232
037 _cTextual
040 _aARTS
_cARTS
_bhin
041 _2hin
_ahin
082 _aO152:gN5, M5
100 _aसिंह, मिथिलेश
245 0 _aस्वच्छन्दतावादी समीक्ष
_b नये आयाम
246 _aSvachchhandatāvādī samīkṣha: naye āyāma
260 _aकानपुर
_b अतुल प्रकाशन
_c1985
300 _a270 पृ.
_ccm.
650 _aहिन्दी साहित्य
_9156264
942 _hO152:gN5, M5
_cTEXL
_2CC
999 _c312449
_d312449